000 00396cam a2200157ua 4500
003 OSt
008 250104b |||||||| |||| 00| 0 eng d
041 _aeng
082 _a621.381
_bRAM/EL
100 _aRamabhadran, S .
_96770
245 _aElectronics : Principles and techniques /
250 _a4 /
260 _aNew Delhi :
_bS.Chand & Sons ,
_c1995.
300 _a935 ; .
942 _cBK
999 _c329602
_d329602